Logo BPK

Biblioteka

Politechniki Koszalińskiej

Operator żurawia. Zasady bezpiecznej pracy / (Rekord nr 5090)

Szczegóły MARC
000 -ETYKIETA REKORDU
podpole kontrolne o stałej długości 00356nam a2200145 i 4500
001 - NUMER KONTROLNY REKORDU
pole kontrolne bg
040 ## - ŹRÓDŁO KATALOGOWANIA
Instytucja, która utworzyła rekord BPK
041 ## - KOD JĘZYKA
Kod języka tekstu pol
008 - POLE O STAŁEJ DŁUGOŚCI - DANE KONTROLNE
podpole kontrolne o stałej długości s pl f |000 0 pol
100 1# - NAZWA OSOBOWA
Nazwa osobowa KUCHARSKI, S.
245 #0 - TYTUŁ/ODPOWIEDZIALNOŚĆ
Tytuł Operator żurawia. Zasady bezpiecznej pracy /
Pozostałe elementy strefy tytułu i oznaczenia odpowiedzialności S. Kucharski.
250 ## - STREFA WYDANIA
Oznaczenie wydania Wyd.2 popr. i uzup.
260 ## - STREFA ADRESU WYDAWNICZEGO
Miejsce wydania Warszawa,
Data publikacji, dystrybucji/powstania dokumentu 1987.
856 ## - LOKALIZACJA I DOSTĘP DO ELEKTRONICZNYCH DOKUMENTÓW ZDALNYCH
Link (URL) http://koha.tu.koszalin.pl/cgi-bin/koha/opac-detail.pl?biblionumber=5090
Tekst linku Katalog online BPK
942 ## - DODATKOWE ELEMENTY (KOHA)
Typ dokumentu Książka
Egzemplarze
Wycofany Status egzemplarza Uszkodzony Dostępność Lokalizacja stała Lokalizacja bieżąca Miejsce przechowywania Sygnatura Kod kreskowy Typ dokumentu Numer ubytku
      Dostępny Biblioteka Politechniki Koszalińskiej Biblioteka Politechniki Koszalińskiej Wypożyczalnia BG P 43321 02024639 Książka  
      Dostępny Biblioteka Politechniki Koszalińskiej Biblioteka Politechniki Koszalińskiej Wypożyczalnia BG P 43322 02024622 Książka  
      Dostępny Biblioteka Politechniki Koszalińskiej Biblioteka Politechniki Koszalińskiej Wypożyczalnia BG P 43323 02024615 Książka  
  Egz. niedostępny   Niedostępny Biblioteka Politechniki Koszalińskiej Biblioteka Politechniki Koszalińskiej   P 43324 02024608 Książka p37033
© 2023 Biblioteka Politechniki Koszalińskiej :: KOHA